Brighton & Hove Albion League Players Since 2014 - Statistics

General Stats
  • This quiz has been taken 76 times
    54 since last reset
  • The average score is 142 of 275
Answer Stats
% Correct
2022/23 (Premier League - 6th) Argentina CM 23 Alexis Mac Allister 35 10
100%
2021/22 (Premier League - 9th) Argentina CM 22 Alexis Mac Allister 33 5
100%
2020/21 (Premier League - 16th) Argentina CM 21 Alexis Mac Allister 21 1
100%
2019/20 (Premier League - 15th) Argentina CM 20 Alexis Mac Allister 9
100%
2023/24 (Premier League - 11th) Japan LW 27 Kaoru Mitoma 19 3
100%
2022/23 (Premier League - 6th) Japan LW 25 Kaoru Mitoma 33 7
100%
2022/23 (Premier League - 6th) Ecuador DM 20 Moises Caicedo 37 1
100%
2021/22 (Premier League - 9th) Ecuador DM 19 Moises Caicedo 8 1
100%
2023/24 (Premier League - 11th) England AM 36 Adam Lallana 25
95%
2022/23 (Premier League - 6th) England AM 34 Adam Lallana 16 2
95%
2021/22 (Premier League - 9th) England AM 33 Adam Lallana 24
95%
2020/21 (Premier League - 16th) England AM 32 Adam Lallana 30 1
95%
2023/24 (Premier League - 11th) Ireland ST 19 Evan Ferguson 27 6
95%
2022/23 (Premier League - 6th) Ireland ST 17 Evan Ferguson 19 6
95%
2021/22 (Premier League - 9th) Ireland ST 16 Evan Ferguson 1
95%
2023/24 (Premier League - 11th) England CB 32 Lewis Dunk 33 2
95%
2022/23 (Premier League - 6th) England CB 30 Lewis Dunk 36 1
95%
2021/22 (Premier League - 9th) England CB 29 Lewis Dunk 29 1
95%
2020/21 (Premier League - 16th) England CB 28 Lewis Dunk 33 5
95%
2019/20 (Premier League - 15th) England CB 27 Lewis Dunk 36 3
95%
2018/19 (Premier League - 17th) England CB 26 Lewis Dunk 36 2
95%
2017/18 (Premier League - 15th) England CB 25 Lewis Dunk 38 1
95%
2016/17 (Championship - 2nd) England CB 24 Lewis Dunk 43 2
95%
2015/16 (Championship - 3rd) England CB 23 Lewis Dunk 38 3
95%
2014/15 (Championship - 20th) England CB 22 Lewis Dunk 38 5
95%
2021/22 (Premier League - 9th) Spain LB 22 Marc Cucurella 35 1
95%
2020/21 (Premier League - 16th) Australia GK 28 Mathew Ryan 11
95%
2019/20 (Premier League - 15th) Australia GK 27 Mathew Ryan 38
95%
2018/19 (Premier League - 17th) Australia GK 26 Mathew Ryan 34
95%
2017/18 (Premier League - 15th) Australia GK 25 Mathew Ryan 38
95%
2021/22 (Premier League - 9th) France ST 24 Neal Maupay 32 8
95%
2020/21 (Premier League - 16th) France ST 23 Neal Maupay 33 8
95%
2019/20 (Premier League - 15th) France ST 22 Neal Maupay 37 10
95%
2023/24 (Premier League - 11th) Germany CM 32 Pascal Groß 36 4
95%
2022/23 (Premier League - 6th) Germany CM 31 Pascal Groß 37 9
95%
2021/22 (Premier League - 9th) Germany CM 30 Pascal Groß 29 2
95%
2020/21 (Premier League - 16th) Germany CM 29 Pascal Groß 34 3
95%
2019/20 (Premier League - 15th) Germany CM 28 Pascal Groß 29 2
95%
2018/19 (Premier League - 17th) Germany CM 27 Pascal Groß 25 3
95%
2017/18 (Premier League - 15th) Germany CM 26 Pascal Groß 38 7
95%
2023/24 (Premier League - 11th) Ecuador LB 26 Pervis Estupinan 19 2
95%
2022/23 (Premier League - 6th) Ecuador LB 24 Pervis Estupinan 35 1
95%
2022/23 (Premier League - 6th) Spain GK 24 Robert Sanchez 23
95%
2021/22 (Premier League - 9th) Spain GK 23 Robert Sanchez 37
95%
2020/21 (Premier League - 16th) Spain GK 22 Robert Sanchez 27
95%
2023/24 (Premier League - 11th) England ST 33 Danny Welbeck 29 5
90%
2022/23 (Premier League - 6th) England ST 31 Danny Welbeck 31 6
90%
2021/22 (Premier League - 9th) England ST 30 Danny Welbeck 25 6
90%
2020/21 (Premier League - 16th) England ST 29 Danny Welbeck 24 6
90%
2023/24 (Premier League - 11th) England CM 38 James Milner 15
90%
2023/24 (Premier League - 11th) Brazil ST 22 Joao Pedro 31 9
90%
2022/23 (Premier League - 6th) Belgium LW 27 Leandro Trossard 16 7
90%
2021/22 (Premier League - 9th) Belgium LW 26 Leandro Trossard 34 8
90%
2020/21 (Premier League - 16th) Belgium LW 25 Leandro Trossard 35 5
90%
2019/20 (Premier League - 15th) Belgium LW 24 Leandro Trossard 31 5
90%
2023/24 (Premier League - 11th) Ghana RB 23 Tariq Lamptey 19
90%
2022/23 (Premier League - 6th) Ghana RB 21 Tariq Lamptey 20
90%
2021/22 (Premier League - 9th) Ghana RB 20 Tariq Lamptey 30
90%
2020/21 (Premier League - 16th) Ghana RB 19 Tariq Lamptey 11 1
90%
2019/20 (Premier League - 15th) Ghana RB 18 Tariq Lamptey 8
90%
2021/22 (Premier League - 9th) Mali CM 24 Yves Bissouma 26 1
90%
2020/21 (Premier League - 16th) Mali CM 23 Yves Bissouma 36 1
90%
2019/20 (Premier League - 15th) Mali CM 22 Yves Bissouma 22 1
90%
2018/19 (Premier League - 17th) Mali CM 21 Yves Bissouma 28
90%
2023/24 (Premier League - 11th) Netherlands GK 21 Bart Verbruggen 21
86%
2023/24 (Premier League - 11th) Scotland DM 22 Billy Gilmour 30
86%
2022/23 (Premier League - 6th) Scotland CM 21 Billy Gilmour 14
86%
2023/24 (Premier League - 11th) Netherlands RB 32 Joel Veltman 27 1
86%
2022/23 (Premier League - 6th) Netherlands RB 30 Joel Veltman 31 1
86%
2021/22 (Premier League - 9th) Netherlands RB 29 Joel Veltman 34 1
86%
2020/21 (Premier League - 16th) Netherlands RB 28 Joel Veltman 28 1
86%
2023/24 (Premier League - 11th) England CB 29 Adam Webster 15
81%
2022/23 (Premier League - 6th) England CB 27 Adam Webster 27
81%
2021/22 (Premier League - 9th) England CB 26 Adam Webster 22 2
81%
2020/21 (Premier League - 16th) England CB 25 Adam Webster 29 1
81%
2019/20 (Premier League - 15th) England CB 24 Adam Webster 31 3
81%
2023/24 (Premier League - 11th) Argentina AM 19 Facundo Buonanotte 27 3
81%
2022/23 (Premier League - 6th) Argentina AM 17 Facundo Buonanotte 13 1
81%
2023/24 (Premier League - 11th) Netherlands CB 23 Jan Paul van Hecke 28
81%
2022/23 (Premier League - 6th) Netherlands CB 22 Jan Paul van Hecke 8
81%
2023/24 (Premier League - 11th) Paraguay AM 20 Julio Enciso 12
81%
2022/23 (Premier League - 6th) Paraguay SS 18 Julio Enciso 20 4
81%
2023/24 (Premier League - 11th) England RW 29 Solly March 7 3
81%
2022/23 (Premier League - 6th) England RW 27 Solly March 33 7
81%
2021/22 (Premier League - 9th) England RW 26 Solly March 31
81%
2020/21 (Premier League - 16th) England RW 25 Solly March 21 2
81%
2019/20 (Premier League - 15th) England RW 24 Solly March 19
81%
2018/19 (Premier League - 17th) England RW 23 Solly March 35 1
81%
2017/18 (Premier League - 15th) England RW 22 Solly March 36 1
81%
2016/17 (Championship - 2nd) England RW 21 Solly March 25 3
81%
2015/16 (Championship - 3rd) England RW 20 Solly March 16 3
81%
2014/15 (Championship - 20th) England RW 19 Solly March 11 1
81%
2023/24 (Premier League - 11th) Cameroon DM 20 Carlos Baleba 27
76%
2019/20 (Premier League - 15th) England ST 35 Glenn Murray 23 1
76%
2018/19 (Premier League - 17th) England ST 34 Glenn Murray 38 13
76%
2017/18 (Premier League - 15th) England ST 33 Glenn Murray 35 12
76%
2016/17 (Championship - 2nd) England ST 32 Glenn Murray 45 23
76%
2023/24 (Premier League - 11th) Ivory Coast RW 22 Simon Adingra 31 6
76%
2020/21 (Premier League - 16th) Iran RW 26 Alireza Jahanbakhsh 21
71%
2019/20 (Premier League - 15th) Iran RW 25 Alireza Jahanbakhsh 10 2
71%
2018/19 (Premier League - 17th) Iran RW 24 Alireza Jahanbakhsh 19
71%
2020/21 (Premier League - 16th) England RB 22 Ben White 36
71%
2022/23 (Premier League - 6th) Germany ST 25 Deniz Undav 22 5
71%
2023/24 (Premier League - 11th) Brazil CB 26 Igor Julio 24
71%
2023/24 (Premier League - 11th) England DM 19 Jack Hinshelwood 12 3
71%
2022/23 (Premier League - 6th) England DM 17 Jack Hinshelwood 1
71%
2023/24 (Premier League - 11th) Poland CM 25 Jakub Moder 17
71%
2021/22 (Premier League - 9th) Poland CM 22 Jakub Moder 28
71%
2020/21 (Premier League - 16th) Poland CM 21 Jakub Moder 12
71%
2019/20 (Premier League - 15th) Australia CM 28 Aaron Mooy 31 2
67%
2023/24 (Premier League - 11th) Spain LW 21 Ansu Fati 19 2
67%
2022/23 (Premier League - 6th) Zambia CM 24 Enock Mwepu 6
67%
2021/22 (Premier League - 9th) Zambia CM 23 Enock Mwepu 18 2
67%
2023/24 (Premier League - 11th) England GK 33 Jason Steele 17
67%
2022/23 (Premier League - 6th) England GK 31 Jason Steele 15
67%
2021/22 (Premier League - 9th) England GK 30 Jason Steele 1
67%
2018/19 (Premier League - 17th) France RW 26 Anthony Knockaert 30 2
62%
2017/18 (Premier League - 15th) France RW 25 Anthony Knockaert 33 3
62%
2016/17 (Championship - 2nd) France RW 24 Anthony Knockaert 45 15
62%
2015/16 (Championship - 3rd) France RW 23 Anthony Knockaert 19 5
62%
2021/22 (Premier League - 9th) Ireland CB 29 Shane Duffy 18 1
62%
2019/20 (Premier League - 15th) Ireland CB 27 Shane Duffy 19 1
62%
2018/19 (Premier League - 17th) Ireland CB 26 Shane Duffy 35 5
62%
2017/18 (Premier League - 15th) Ireland CB 25 Shane Duffy 37
62%
2016/17 (Championship - 2nd) Ireland CB 24 Shane Duffy 31 2
62%
2020/21 (Premier League - 16th) Netherlands CM 28 Davy Propper 7
57%
2019/20 (Premier League - 15th) Netherlands CM 27 Davy Propper 35 1
57%
2018/19 (Premier League - 17th) Netherlands CM 26 Davy Propper 30 1
57%
2017/18 (Premier League - 15th) Netherlands CM 25 Davy Propper 35
57%
2023/24 (Premier League - 11th) Syria CM 28 Mahmoud Dahoud 9
57%
2018/19 (Premier League - 17th) Spain RB 37 Bruno Saltor 14
52%
2017/18 (Premier League - 15th) Spain RB 36 Bruno Saltor 25
52%
2016/17 (Championship - 2nd) Spain RB 35 Bruno Saltor 42
52%
2015/16 (Championship - 3rd) Spain RB 34 Bruno Saltor 46 1
52%
2014/15 (Championship - 20th) Spain RB 33 Bruno Saltor 35 3
52%
2022/23 (Premier League - 6th) Ecuador AM 20 Jeremy Sarmiento 9
52%
2021/22 (Premier League - 9th) Ecuador AM 19 Jeremy Sarmiento 5
52%
2019/20 (Premier League - 15th) Spain RB 28 Martin Montoya 27
52%
2018/19 (Premier League - 17th) Spain RB 27 Martin Montoya 25
52%
2021/22 (Premier League - 9th) Ireland ST 21 Aaron Connolly 4
48%
2020/21 (Premier League - 16th) Ireland ST 20 Aaron Connolly 17 2
48%
2019/20 (Premier League - 15th) Ireland ST 19 Aaron Connolly 24 3
48%
2022/23 (Premier League - 6th) England CB 19 Levi Colwill 17
48%
2023/24 (Premier League - 11th) Argentina LB 19 Valentin Barco 6
48%
2022/23 (Premier League - 6th) Sweden CM 18 Yasin Ayari 3
48%
2020/21 (Premier League - 16th) Brazil CB 25 Bernardo 3
43%
2019/20 (Premier League - 15th) Brazil CB 24 Bernardo 14
43%
2018/19 (Premier League - 17th) Brazil CB 23 Bernardo 22
43%
2021/22 (Premier League - 9th) England LB 29 Dan Burn 13 1
43%
2020/21 (Premier League - 16th) England LB 28 Dan Burn 27 1
43%
2019/20 (Premier League - 15th) England LB 27 Dan Burn 34
43%
2019/20 (Premier League - 15th) Romania ST 26 Florin Andone 3 1
43%
2018/19 (Premier League - 17th) Romania ST 25 Florin Andone 23 3
43%
2020/21 (Premier League - 16th) Colombia LW 27 Jose Izquierdo 1
43%
2018/19 (Premier League - 17th) Colombia LW 25 Jose Izquierdo 15
43%
2017/18 (Premier League - 15th) Colombia LW 24 Jose Izquierdo 32 5
43%
2021/22 (Premier League - 9th) Colombia CM 22 Steven Alzate 9
43%
2020/21 (Premier League - 16th) Colombia CM 21 Steven Alzate 15 1
43%
2019/20 (Premier League - 15th) Colombia CM 20 Steven Alzate 19
43%
2022/23 (Premier League - 6th) Australia AM 19 Cameron Peupion 1
38%
2019/20 (Premier League - 15th) England CM 30 Dale Stephens 33
38%
2018/19 (Premier League - 17th) England CM 29 Dale Stephens 30 1
38%
2017/18 (Premier League - 15th) England CM 28 Dale Stephens 36
38%
2016/17 (Championship - 2nd) England CM 27 Dale Stephens 39 2
38%
2015/16 (Championship - 3rd) England CM 26 Dale Stephens 45 7
38%
2014/15 (Championship - 20th) England CM 25 Dale Stephens 16 2
38%
2019/20 (Premier League - 15th) Cameroon LB 31 Gaetan Bong 4
33%
2018/19 (Premier League - 17th) Cameroon LB 30 Gaetan Bong 22
33%
2017/18 (Premier League - 15th) Cameroon LB 29 Gaetan Bong 25
33%
2016/17 (Championship - 2nd) Cameroon LB 28 Gaetan Bong 24
33%
2015/16 (Championship - 3rd) Cameroon LB 27 Gaetan Bong 16
33%
2021/22 (Premier League - 9th) Curacao ST 27 Jurgen Locadia 1
33%
2019/20 (Premier League - 15th) Curacao ST 25 Jurgen Locadia 2
33%
2018/19 (Premier League - 17th) Curacao ST 24 Jurgen Locadia 26 2
33%
2017/18 (Premier League - 15th) Curacao ST 23 Jurgen Locadia 6 1
33%
2017/18 (Premier League - 15th) Israel ST 30 Tomer Hemed 16 2
33%
2016/17 (Championship - 2nd) Israel ST 29 Tomer Hemed 37 11
33%
2015/16 (Championship - 3rd) Israel ST 28 Tomer Hemed 44 17
33%
2018/19 (Premier League - 17th) Israel CM 30 Beram Kayal 18 1
29%
2017/18 (Premier League - 15th) Israel CM 29 Beram Kayal 19
29%
2016/17 (Championship - 2nd) Israel CM 28 Beram Kayal 20
29%
2015/16 (Championship - 3rd) Israel CM 27 Beram Kayal 43 2
29%
2014/15 (Championship - 20th) Israel CM 26 Beram Kayal 18 1
29%
2014/15 (Championship - 20th) Scotland ST 30 Craig Mackail-Smith 30 1
29%
2016/17 (Championship - 2nd) England GK 30 David Stockdale 45
29%
2015/16 (Championship - 3rd) England GK 29 David Stockdale 46
29%
2014/15 (Championship - 20th) England GK 28 David Stockdale 42
29%
2018/19 (Premier League - 17th) Nigeria CB 30 Leon Balogun 8 1
29%
2020/21 (Premier League - 16th) South Africa RW 26 Percy Tau 3
29%
2022/23 (Premier League - 6th) Ireland AM 18 Andrew Moran 1
24%
2018/19 (Premier League - 17th) England GK 29 David Button 4
24%
2019/20 (Premier League - 15th) Italy RB 30 Ezequiel Schelotto 8
24%
2017/18 (Premier League - 15th) Italy RB 28 Ezequiel Schelotto 20
24%
2015/16 (Championship - 3rd) England ST 19 James Wilson 25 5
24%
2023/24 (Premier League - 11th) Ireland ST 19 Mark O'Mahony 3
24%
2023/24 (Premier League - 11th) England RB 21 Odeluga Offiah 4
24%
2022/23 (Premier League - 6th) England CB 19 Odeluga Offiah 2
24%
2017/18 (Premier League - 15th) England ST 28 Sam Baldock 2
24%
2016/17 (Championship - 2nd) England ST 27 Sam Baldock 31 11
24%
2015/16 (Championship - 3rd) England ST 26 Sam Baldock 28 4
24%
2014/15 (Championship - 20th) England ST 25 Sam Baldock 20 3
24%
2020/21 (Premier League - 16th) Switzerland ST 21 Andi Zeqiri 9
19%
2016/17 (Championship - 2nd) England CB 18 Fikayo Tomori 9
19%
2015/16 (Championship - 3rd) Scotland CB 34 Gordon Greer 20
19%
2014/15 (Championship - 20th) Scotland CB 33 Gordon Greer 37 2
19%
2015/16 (Championship - 3rd) Spain RB 33 Inigo Calderon 17
19%
2014/15 (Championship - 20th) Spain RB 32 Inigo Calderon 35 4
19%
2017/18 (Premier League - 15th) England LW 20 Izzy Brown 13
19%
2017/18 (Premier League - 15th) Scotland LW 27 Jamie Murphy 4
19%
2016/17 (Championship - 2nd) Scotland LW 26 Jamie Murphy 35 2
19%
2015/16 (Championship - 3rd) Scotland LW 25 Jamie Murphy 37 6
19%
2016/17 (Championship - 2nd) DR Congo LW 25 Kazenga LuaLua 3
19%
2015/16 (Championship - 3rd) DR Congo LW 24 Kazenga LuaLua 18 3
19%
2014/15 (Championship - 20th) DR Congo LW 23 Kazenga LuaLua 34 3
19%
2017/18 (Premier League - 15th) Argentina ST 30 Leonardo Ulloa 10 1
19%
2016/17 (Championship - 2nd) Northern Ireland CM 25 Oliver Norwood 33
19%
2023/24 (Premier League - 11th) England LW 20 Benicio Baker-Boaitey 5
14%
2015/16 (Championship - 3rd) England ST 29 Chris O'Grady 3
14%
2014/15 (Championship - 20th) England ST 28 Chris O'Grady 28 1
14%
2017/18 (Premier League - 15th) England CB 24 Connor Goldson 3
14%
2016/17 (Championship - 2nd) England CB 23 Connor Goldson 5
14%
2015/16 (Championship - 3rd) England CB 22 Connor Goldson 24 2
14%
2016/17 (Championship - 2nd) Czech Republic LW 24 Jiri Skalak 31
14%
2015/16 (Championship - 3rd) Czech Republic LW 23 Jiri Skalak 12 2
14%
2017/18 (Premier League - 15th) Germany CB 31 Uwe Hunemeier 1
14%
2016/17 (Championship - 2nd) Germany CB 30 Uwe Hunemeier 11 1
14%
2015/16 (Championship - 3rd) Germany CB 29 Uwe Hunemeier 15
14%
2014/15 (Championship - 20th) Oman GK 32 Ali Al-Habsi 1
10%
2015/16 (Championship - 3rd) Wales CM 31 Andrew Crofts 17
10%
2014/15 (Championship - 20th) Wales CM 30 Andrew Crofts 7
10%
2015/16 (Championship - 3rd) England ST 34 Bobby Zamora 26 7
10%
2014/15 (Championship - 20th) England GK 18 Christian Walton 3
10%
2014/15 (Championship - 20th) England ST 30 Darren Bent 5 2
10%
2015/16 (Championship - 3rd) England CM 21 Jake Forster-Caskey 2
10%
2014/15 (Championship - 20th) England CM 20 Jake Forster-Caskey 29 1
10%
2014/15 (Championship - 20th) Portugal AM 21 Joao Teixeira 32 5
10%
2017/18 (Premier League - 15th) England RB 32 Liam Rosenior 3
10%
2016/17 (Championship - 2nd) England RB 31 Liam Rosenior 10
10%
2015/16 (Championship - 3rd) England RB 30 Liam Rosenior 31
10%
2017/18 (Premier League - 15th) Austria LB 30 Markus Suttner 14
10%
2016/17 (Championship - 2nd) Belgium LB 28 Sebastien Pocognoli 20 1
10%
2016/17 (Championship - 2nd) England CM 33 Steve Sidwell 34 1
10%
2015/16 (Championship - 3rd) England CM 32 Steve Sidwell 16 1
10%
2021/22 (Premier League - 9th) England CM 20 Taylor Richards 2
10%
2015/16 (Championship - 3rd) Zimbabwe LB 23 Adam Chicksen 1
5%
2014/15 (Championship - 20th) Zimbabwe LB 22 Adam Chicksen 5
5%
2016/17 (Championship - 2nd) England ST 20 Chuba Akpom 10
5%
2015/16 (Championship - 3rd) Netherlands CM 27 Danny Holla 1
5%
2014/15 (Championship - 20th) Netherlands CM 26 Danny Holla 24 1
5%
2014/15 (Championship - 20th) Jamaica RM 25 Elliott Bennett 7
5%
2016/17 (Championship - 2nd) Netherlands ST 22 Elvis Manu 2
5%
2015/16 (Championship - 3rd) Netherlands ST 21 Elvis Manu 8
5%
2020/21 (Premier League - 16th) Ireland CM 20 Jayson Molumby 1
5%
2014/15 (Championship - 20th) England LB 24 Joe Bennett 41 1
5%
2014/15 (Championship - 20th) Gambia LW 25 Mustapha Carayol 5
5%
2016/17 (Championship - 2nd) Finland GK 31 Niki Maenpaa 1
5%
2020/21 (Premier League - 16th) Germany AM 18 Reda Khadra 1
5%
2015/16 (Championship - 3rd) Montserrat DM 22 Rohan Ince 12
5%
2014/15 (Championship - 20th) Montserrat DM 21 Rohan Ince 32 1
5%
2014/15 (Championship - 20th) England RW 24 Will Buckley 1
5%
2014/15 (Championship - 20th) Northern Ireland CB 34 Aaron Hughes 10
0%
2014/15 (Championship - 20th) Spain ST 29 Adrian Colunga 17 3
0%
2014/15 (Championship - 20th) Argentina RW 26 Emmanuel Ledesma 4
0%
2014/15 (Championship - 20th) England CM 22 Gary Gardner 17 2
0%
2014/15 (Championship - 20th) England CB 29 Greg Halford 19
0%
2014/15 (Championship - 20th) England RW 16 James Tilley 1
0%
2014/15 (Championship - 20th) Curacao CM 27 Kemy Agustien 2
0%
2014/15 (Championship - 20th) Ireland ST 27 Leon Best 13
0%
2015/16 (Championship - 3rd) England CB 30 Liam Ridgewell 5
0%
2014/15 (Championship - 20th) Northern Ireland LW 30 Paddy McCourt 10
0%
2015/16 (Championship - 3rd) Netherlands LW 24 Rajiv van La Parra 6 2
0%
2016/17 (Championship - 2nd) Ireland CM 24 Richie Towell 1
0%
2016/17 (Championship - 2nd) England RB 20 Rob Hunt 1
0%
2016/17 (Championship - 2nd) Canada LB 21 Sam Adekugbe 1
0%
2014/15 (Championship - 20th) Ireland ST 19 Shamir Fenelon 2
0%
No matching quizzes found
Score Distribution
Percent of People with Each Score
Percentile by Number Answered
Your Score History
You have not taken this quiz since the last reset